000 01269 a2200205 4500
001 58931
005 20260407155843.0
008 260407a arg spa d
003 AR-UNSa-BCEJYS
040 _aAR-UNSa-BCEJYS
_bspa
_cAR-UNSa-BCEJYS
080 _a336.226.3
_xImpuestos por el uso de los ingresos. Impuestos al consumo. IVA
245 1 0 _aImpueto al valor agregado
_pAnálisis e implemantación practica
264 1 _aBuenos Aires :
_bERGON
300 _a128 p.
_c25 cm.
505 _a1. Introducción - 2. El I.V.A. antecedentes históricos y de la legislación comparada - 3. Caracterización del gravamen - 4. Ventajas y desventajas - 5. Objeto - 6. Sujetos del impuesto - 7. Nacimiento del hecho imponible - 8. Base imponible - 9. Crédito y débito fiscal - 10. Inscripción. Responsables inscritos y no inscritos, exentos y consumidores finales - 11. Tasas - 12. Exenciones - 13. Regimen de transición - 14. Ley 20.631 y decreto reglamentario concordados - 15. Resoluciones generales 1652 y 1653 - 16. Disposiciones conexas con la ley 20.631 - 17. Tabla de correlaciones con disposiciones legales vinculadas con la ley 20.631
942 _cBK
590 _aniveau_biblio:m niveau_hierar:0
100 1 _aGrün, Ernesto
700 1 _aBrandstadter, Curt
999 _c6520
_d6520